000
00214nam a22001097a 4500
999
_c
533687
_d
533687
040
_c
dlc
082
_a
823.914
100
_a
Charlie Higson
_9
27649
245
_a
Blood Fever
300
_a
372;p
942
_2
ddc
_c
BK